MDQL
is popping MORE tags! Check the
thread
!
Quizzes
Events
Quiz Creation
Community
Videos
Private Events
Remove Ads
Sign In
Join for FREE
Feedback
Dark Mode
Quiz Categories
Sports
Geography
Music
Movies
Television
Just For Fun
Miscellaneous
History
Literature
Language
Science
Gaming
Entertainment
Religion
Holiday
For Kids
Quiz Lab
Recent
Popular Today
Quiz Kudos Today
Editor Picks
Curator Picks
Quizzes by...
Day
Popularity
Type
Ratings
Length
Year
Community
Subscriptions
Recent Discussions
Orange Saloon
Badges
Playlists
Quests
Create
Leaderboards
Showdown
Live 5
Trivia Bingo
Activity
Puzzle Library
Sporcle Events
Private Events
Virtual Trivia
Globe League
Become a Host
Pub Owners
SporcleCon
Opinionation
Our Games
Videos
Blog
Mobile Apps
Partnerships
Remove Ads and Go Orange
Feedback
Language
Vocabulary
Begins and Ends
Definition
Spanish
French
German
Italian
Chinese
Latin
Translation
Japanese
Language
Vocabulary
Begins and Ends
Definition
Spanish
French
German
Italian
Chinese
Latin
Translation
Japanese
Random Quiz
Search Sporcle
×
Quiz Lab
Quiz Lab
Language
French
Type in answers that appear in a list
Type in answers that appear in a list
Classic
Best Score? Go Orange.
French lesson 4 Stats
Can you name the french lesson 4?
By
giraffelaugh
10m
36 Questions
10 Plays
10 Plays
10 Plays
Comments
Comments
Give Quiz Kudos
Give Quiz Kudos
-
- Ratings
hide this ad
Random Order
Randomize order of answers
Randomize order of answers
Replay
Link that replays current quiz
Next Quiz
Link to next quiz in quiz playlist
You Got
0%
They Got
Avg Score
62%
Avg Friend Score
Upgrade to see
Score Distribution
Jump to the score distribution portion of the page
Score
0/36
Timer
10:00
0
Plays Today
english
french
% Correct
investor
investisseur
80%
advertisement
publicité
80%
skimming the market
politique d'écrémage
70%
deep sales
politique de pénétration
70%
fair
foire
70%
departments
rayons
70%
shelves
rayonnage
70%
consumer
consommateur
70%
package
un colis
70%
packaging
le conditionnement
70%
direct-
mail
publipostage
70%
samples
échantillons
70%
set/
fixed
fixe
70%
incentive/
free gift
prime
70%
profitable
rentable
70%
ground
le sol
70%
large supermarket
hyper marché
70%
brand
la marque
60%
english
french
% Correct
store
salon
60%
sales offer
promotion des ventes
60%
packaging
l'emballage
60%
marketing
merchandisage
60%
wholesaler
grossiste
60%
contest
concours
60%
un promotion pour les distributeurs
communication institutionelle
60%
sponsorship
parrainage
60%
financial sponsorship
mécénant
60%
mini-
market
superette
60%
wholesale supplier
centrale d'achats
50%
producer
producteur
50%
retailler
détaillant
50%
publicity campaigne
campagne d'affichage
50%
comission
comission
50%
market range
la gamme
40%
flyer
dépliants
40%
network sales
vente par résau coopté
40%
Quiz Playlist
Details
Report
Send in Message
Add To Playlist
Classic:
Type in answers that appear in a list
Random Order:
Randomize order of answers
Last Updated: Feb 16, 2017
Quiz Scoreboard
CHALLENGE
Sign Up to Join the Scoreboard
Show All
Scores
Hide
Comments
May contain spoilers
Recently Published
Colored Red Africa Blitz
by spor1
Geography
30s
Find the 'City' Movie
by crazypaving
Movies
60s
5x2 Blitz: Bands
by SL_Kpop136
Music
30s
More to Explore
Quiz From the Vault
Featured Blog Post
14 Easter Pick-up Lines to Find Eggs With
hide this ad
You Might Also Like...
Tags
French Quiz
English
lesson
Today's Top Quizzes in Language
Browse Language
hide this ad
Today's Top Quizzes in French
Browse French
Top Contributed Quizzes in Language
1
Arabic Numerals
2
1-10 Letter H Words III
3
1-10 Letter F Words III
4
1-10 Letter G Words III
5
1-10 Letter I Words III
6
1-10 Letter M Words III
7
1-10 Letter K Words III
8
1-10 Letter L Words III
9
1-10 Letter N Words III
10
1-10 Letter J Words III
Explore More
Trending Topics
Marvel
Harry Potter
NBA
Kpop
Anime
Disney
Crossword
Soccer
Puzzle
NFL
Pokémon
The Office
WWE
Country
Song
hide this ad
More By:
giraffelaugh
Quiz
Plays
Rating
Category
Featured
Created
saturated fatty acids
216
Science
Sep 11, 2011
unsaturated fatty acids
102
Science
Sep 11, 2011
gram negative bacteria
81
Science
Jul 26, 2013
gram positive bacteria
57
Science
Jul 25, 2013
oral surgery 1
55
Science
Jun 8, 2014
Go to Creator's Profile
Score Distribution
Quiz Creator Spotlight
giraffelaugh
Follow
Send a Message
Quizzes Created
-
Created Quiz Play Count
-
More By This Creator
Popular Quizzes Today
1
Colored Red Africa Blitz
2
Find the 'City' Movie
3
5x2 Blitz: Bands
4
Find the US States - No Outlines Minefield
5
The Countries of the World
6
Find the US States
7
US States
8
Find the Countries of Europe - No Outlines Minefield
More Language Quizzes
8-Letter Word Scramble
Published
Trending Quizzes
Colored Red Europe Blitz I
Colored Red Europe Blitz II
Colored Red Africa Blitz II
Colored Red Europe Blitz III
Colored Red Africa Blitz III
Recently Updated
How Do You Spell That?
pecheneg
Godzilla Movies
pecheneg
Grab Bag: 4-10 Letters
pecheneg
2024 March Madness Bracket
pecheneg
Famous TV Couples
Peacemaker
Champions League XIs: Real Madrid
pecheneg
Largest US Cities 1790-2010
pecheneg
Rides in Walt Disney World
pecheneg
Most Oscar Losses (Acting)
pecheneg
Beyoncé Albums
pecheneg
Trending Topics
Marvel
Anime
Crossword
Harry Potter
NBA
Disney
Kpop
Song
WWE
NFL
Soccer
The Office
Country
Puzzle
Pokémon
Your Account Isn't Verified!
In order to create a playlist on Sporcle, you need to verify the email address you used during registration. Go to your
Sporcle Settings
to finish the process.
Report this User
Report this user for behavior that violates our
Community Guidelines
.
Details:
Send Report
Go to the Sporcle.com Mobile Site →
Comments